000
00227nam a2200097Ia 4500
008
240331s9999 xx 000 0 und d
082
_b
UTK
100
_a
Meyer,T
245
0
_a
Utkatchi Jananayakathitkana Oru Valikatti
942
_c
L
999
_c
5820
_d
5820